000 00623nam a22002177a 4500
003 UA-OsUOA
001 41674
007 ta
008 20080926b un ||||| |||| 00| 0 ukr d
090 _a24(477)
_bД55
942 _cBR
040 _aUA-OsUOA
_bukr
_cUA-OsUOA
_dUA-OsUOA
245 _aДо тисячоріччя Української Православної Церкви.
955 _a4
041 _aukr
080 _a24(477)
260 _aВінніпег
_c1987
246 3 1 _a(Короткий хронологічний довідник)
650 7 _a2 Релігія. Теологія.
_2UDC
999 _c440175
_d440175